Quizzes
Events
Quiz Creation
Community
Videos
Private Events
Remove Ads
Sign In
Join for FREE
Feedback
Dark Mode
Quiz Categories
Sports
Geography
Music
Movies
Television
Just For Fun
Miscellaneous
History
Literature
Language
Science
Gaming
Entertainment
Religion
Holiday
For Kids
Quiz Lab
Recent
Popular Today
Quiz Kudos Today
Editor Picks
Curator Picks
Quizzes by...
Day
Popularity
Type
Ratings
Length
Year
Community
Subscriptions
Recent Discussions
Orange Saloon
Badges
Playlists
Quests
Create
Leaderboards
Showdown
Live 5
Trivia Bingo
Activity
Puzzle Library
Sporcle Events
Private Events
Virtual Trivia
Globe League
Become a Host
Pub Owners
SporcleCon
Opinionation
Our Games
Videos
Blog
Mobile Apps
Partnerships
Remove Ads and Go Orange
Feedback
Just For Fun
Clickable
Get the Picture
Humor
Quick Pick
Word Ladder
Missing Word
Mixed Word
Blitz
Minefield
This or That
Alphabet
Color
Typing
Sporcle
Puzzle
Word Play
Follow That Line
Logic
Just For Fun
Clickable
Get the Picture
Humor
Quick Pick
Word Ladder
Missing Word
Mixed Word
Blitz
Minefield
This or That
Alphabet
Color
Typing
Sporcle
Puzzle
Word Play
Follow That Line
Logic
Random Quiz
Search Sporcle
×
Quiz Lab
Quiz Lab
Just For Fun
Popular
Type in answers that appear in a list
Type in answers that appear in a list
Classic
Best Score? Go Orange.
Alabama's Most Popular Boy Names (2011) Stats
Can you name the Most Popular Boy's Names in Alabama (2011)?
By
Trickster_Loki
10m
100 Questions
39 Plays
39 Plays
39 Plays
Comments
Comments
Give Quiz Kudos
Give Quiz Kudos
-
- Ratings
hide this ad
Replay
Link that replays current quiz
Next Quiz
Link to next quiz in quiz playlist
You Got
0%
They Got
Avg Score
52%
Avg Friend Score
Upgrade to see
Score Distribution
Jump to the score distribution portion of the page
Score
0/100
Timer
10:00
0
Plays Today
Rank
Names
% Correct
3.
James
84.6%
15.
Michael
84.6%
24.
Andrew
84.6%
42.
Thomas
84.6%
75.
Jack
84.6%
1.
William
82.1%
23.
Joseph
82.1%
12.
Christopher
79.5%
5.
John
76.9%
27.
Daniel
76.9%
41.
Matthew
76.9%
68.
Evan
76.9%
16.
Samuel
74.4%
30.
Alexander
74.4%
13.
Ethan
71.8%
22.
David
71.8%
39.
Anthony
71.8%
6.
Noah
69.2%
10.
Aiden
69.2%
11.
Joshua
69.2%
34.
Robert
69.2%
50.
Liam
69.2%
70.
Ryan
69.2%
73.
Nicholas
69.2%
2.
Mason
66.7%
4.
Jacob
66.7%
25.
Christian
66.7%
26.
Benjamin
66.7%
28.
Charles
66.7%
44.
Tyler
66.7%
62.
Nathan
66.7%
83.
Henry
66.7%
87.
Kevin
66.7%
9.
Jackson
64.1%
Rank
Names
% Correct
38.
Luke
64.1%
52.
Eli
64.1%
69.
Lucas
64.1%
80.
Aaron
64.1%
92.
Jason
64.1%
47.
Jonathan
61.5%
56.
Brandon
61.5%
7.
Jayden
59%
8.
Elijah
59%
40.
Jordan
59%
53.
Austin
59%
58.
Justin
59%
71.
Isaac
59%
77.
Owen
59%
95.
Ian
59%
36.
Gabriel
56.4%
54.
Dylan
56.4%
65.
Wyatt
56.4%
79.
Zachary
56.4%
90.
Timothy
56.4%
14.
Brayden
53.8%
31.
Carter
53.8%
48.
Connor
53.8%
51.
Cooper
53.8%
20.
Cameron
51.3%
29.
Logan
51.3%
17.
Caleb
48.7%
19
Jeremiah
48.7%
76.
Isaiah
48.7%
32.
Hunter
46.2%
18.
Landon
43.6%
35.
Ayden
43.6%
64.
Hayden
43.6%
72.
Parker
43.6%
Rank
Names
% Correct
81.
Jaden
43.6%
88.
Cayden
43.6%
89.
Chase
43.6%
33.
Levi
41%
49.
Gavin
41%
60.
Brody
41%
74.
Kayden
41%
86.
Caden
41%
37.
Carson
38.5%
98.
Josiah
38.5%
43.
Colton
35.9%
63
Tristan
35.9%
82.
Kaden
35.9%
59.
Ashton
33.3%
55.
Grayson
28.2%
57.
Jaxon
28.2%
91.
Micah
28.2%
21.
Bentley
25.6%
93.
Trenton
25.6%
66.
Hudson
23.1%
78.
Preston
20.5%
45.
Bryson
17.9%
46.
Braxton
15.4%
96.
Tucker
15.4%
99.
Kaiden
15.4%
67.
Kaleb
12.8%
100.
Camden
12.8%
61.
Easton
10.3%
85.
Rylan
10.3%
84.
Brantley
7.7%
94.
Braylon
5.1%
97.
Braylen
2.6%
Quiz Playlist
Details
Report
Send in Message
Add To Playlist
Classic:
Type in answers that appear in a list
Quiz Source
Last Updated: Feb 16, 2017
Quiz Scoreboard
CHALLENGE
Sign Up to Join the Scoreboard
Show All
Scores
Hide
Comments
May contain spoilers
Recently Published
Click the 1999 NBA Draft
by nibperrychub
Sports
2m
Alphabetical 'K' Countries by Flag Minefield
by ylime102
Geography
3m
Pick 6: Fruits
by JohnFran
Miscellaneous
15s
More to Explore
Quiz From the Vault
Featured Blog Post
15 Basketball Trivia Facts You Can Be March Mad About
hide this ad
You Might Also Like...
Tags
Popular Quiz
2011
Alabama
amount
Born
Boy
Today's Top Quizzes in Just For Fun
Browse Just For Fun
hide this ad
Today's Top Quizzes in Popular
Browse Popular
Top Contributed Quizzes in Just For Fun
1
Seasons
2
Pick 6: Letters
3
Pick 6: Foods
4
Pick 6: Colors
5
Quick Pick: Spring Things
6
Just Another 1-25 Logic Puzzle
7
Four Seasons
8
Big Bang Theory Logic Puzzle
9
LogiCrossword: Seasons of Year
10
Spring Blitz
Explore More
Trending Topics
Kpop
NBA
Anime
Harry Potter
Crossword
Disney
Marvel
Soccer
WWE
Song
Puzzle
Pokémon
The Office
NFL
Country
hide this ad
More By:
Trickster_Loki
Quiz
Plays
Rating
Category
Featured
Created
Baby Girl names Starting with 'C' (2010)
3,389
4.33
Miscellaneous
May 23, 2011
Baby Boy names Starting with 'C' (2010)
646
4.75
Miscellaneous
May 22, 2011
'J' Baby Names (2010)
340
4.00
Just For Fun
May 18, 2011
Anagram Baby Names
254
3.40
Miscellaneous
May 22, 2011
Angelina Jolie Movies (2000s)
121
1.00
Movies
May 18, 2011
Go to Creator's Profile
Score Distribution
Quiz Creator Spotlight
Trickster_Loki
Follow
Send a Message
Quizzes Created
-
Created Quiz Play Count
-
More By This Creator
Popular Quizzes Today
1
Find the US States - No Outlines Minefield
2
Countries of Asia Without Outlines Minefield
3
Pick 6: Fruits
4
The Countries of the World
5
Alphabetical 'K' Countries by Flag Minefield
6
Find the US States
7
Match the Book to the Film X
8
Click the 1999 NBA Draft
More Just For Fun Quizzes
Quick Pick: Scooby-Doo Characters
Quiz Lab
Trending Quizzes
Pick 6: Harry Potter
Pick 6: Mountains
Pick 6: NFL Teams
Pick 6: Movie Franchises
Pick 6: Golfers
Recently Updated
Women's Final Four Teams by Year
bhenderson79
Presidents Quartet II
eogle
Anything But Clue(do)
eogle
Anything But Oceanian Capitals
eogle
Anything But 7
eogle
Anything But Thing
eogle
Word Ladder: February 29
pecheneg
Song Title Questions
pecheneg
Women's NCAA Tournament #1 Seeds
pecheneg
Celebrity Mug Shots
pecheneg
Trending Topics
NBA
Crossword
Harry Potter
Kpop
Disney
Marvel
Anime
Song
WWE
NFL
Pokémon
Soccer
Puzzle
The Office
Country
Your Account Isn't Verified!
In order to create a playlist on Sporcle, you need to verify the email address you used during registration. Go to your
Sporcle Settings
to finish the process.
Report this User
Report this user for behavior that violates our
Community Guidelines
.
Details:
Send Report
Go to the Sporcle.com Mobile Site →
Comments